[Event "Bucharest"]
[Site "Bucharest"]
[Date "1995.??.??"]
[Round "3"]
[White "Dumitran, Octavian"]
[Black "Babici, Roman"]
[Result "1/2-1/2"]
[WhiteElo "2380"]
[BlackElo "2280"]
[PlyCount "139"]
[EventDate "1995.??.??"]
[EventType "tourn"]
[EventRounds "13"]
[EventCountry "ROU"]
[EventCategory "6"]
[SourceTitle "EXT 1998"]
[Source "ChessBase"]
[SourceDate "1997.11.17"]
[SourceVersion "1"]
[SourceVersionDate "1997.11.17"]
[SourceQuality "1"]

1. Nf3 Nf6 2. g3 e6 3. Bg2 c5 4. 0-0 Nc6 5. c4 Be7 6. d4 cxd4 7. Nxd4 0-0 8. Nc3 a6 9. b3 Qc7 10. Bb2 Rb8 11. Rc1 Nxd4 12. Qxd4 b6 13. Rfd1 Bb7 14. Ne4 Rfd8 15. Nd6 Bxg2 16. Kxg2 Bxd6 17. Qxd6 Qc6+ 18. f3 Qxd6 19. Rxd6 Ne8 20. Rd3 d6 21. e4 f6 22. Rcd1 Rb7 23. f4 Rbd7 24. Ba3 Kf7 25. Kf2 g6 26. Bb2 f5 27. e5 d5 28. cxd5 Rxd5 29. Rxd5 Rxd5 30. Rxd5 exd5 31. Bd4 b5 32. Ke3 Nc7 33. Bb6 Ne6 34. Kd3 Ke7 35. Be3 Kd7 36. h4 Kc6 37. Bd4 Nc7 38. Bc3 Kc5 39. a3 Ne6 40. Bd4+ Kc6 41. b4 Kc7 42. Be3 Kd7 43. Bb6 Ke7 44. Ke2 Kf7 45. Kd3 Kg7 46. Be3 Kh6 47. Ke2 Nd8 48. Bb6 Ne6 49. Be3 Kg7 50. Kd3 Kf7 51. Bb6 Kf8 52. Be3 Kf7 53. Bb6 Ke8 54. Be3 Kd8 55. Bb6+ Kd7 56. Be3 Kc6 57. Bf2 Ng7 58. Kd4 Ne6+ 59. Kd3 Nd8 60. Kd4 Ne6+ 61. Kd3 Kb7 62. Bg1 Kc6 63. Bf2 Kd7 64. Bb6 Nf8 65. Bc5 Ne6 66. Bb6 Ng7 67. Bf2 Ne6 68. Bb6 Ke7 69. Be3 Kd7 70. Bb6 1/2-1/2

[Event "Bucharest1"]
[Site "Bucharest"]
[Date "1995.??.??"]
[Round "?"]
[White "Dumitran, Octavian"]
[Black "Babici, Roman"]
[Result "1/2-1/2"]
[WhiteElo "2380"]
[BlackElo "2280"]
[PlyCount "73"]
[EventDate "1995.??.??"]
[EventType "tourn"]
[EventRounds "13"]
[EventCountry "ROU"]
[EventCategory "4"]
[SourceTitle "EXT 2006"]
[Source "ChessBase"]
[SourceDate "2005.11.24"]
[SourceVersion "1"]
[SourceVersionDate "2005.11.24"]
[SourceQuality "1"]

1. Nf3 Nf6 2. c4 c6 3. d4 d5 4. Nc3 a6 5. e3 b5 6. cxd5 cxd5 7. Bd3 Bg4 8. Bd2 e6 9. a4 b4 10. Na2 a5 11. h3 Bxf3 12. Qxf3 Be7 13. Nc1 0-0 14. Nb3 Nbd7 15. Rc1 Qb6 16. 0-0 Rfc8 17. Qe2 Qa7 18. Rxc8+ Rxc8 19. Rc1 Rxc1+ 20. Bxc1 Qc7 21. Qc2 Qxc2 22. Bxc2 Bd8 23. Bd3 Bb6 24. Bb5 Kf8 25. Kf1 Ke7 26. f3 Ne8 27. Nd2 Nd6 28. Bxd7 Kxd7 29. Ke2 Nf5 30. Nf1 Kc6 31. Bd2 Nd6 32. b3 Nf5 33. Be1 g6 34. Kd3 Nd6 35. Bg3 Nf5 36. Bf2 Nd6 37. Bg3 1/2-1/2

[Event "Bucharest"]
[Site "Bucharest"]
[Date "1995.??.??"]
[Round "7"]
[White "Dumitran, Octavian"]
[Black "Badea, Bela"]
[Result "0-1"]
[WhiteElo "2380"]
[BlackElo "2490"]
[PlyCount "72"]
[EventDate "1995.??.??"]
[EventType "tourn"]
[EventRounds "13"]
[EventCountry "ROU"]
[EventCategory "6"]
[SourceTitle "EXT 1998"]
[Source "ChessBase"]
[SourceDate "1997.11.17"]
[SourceVersion "1"]
[SourceVersionDate "1997.11.17"]
[SourceQuality "1"]

1. Nf3 d6 2. d4 Nf6 3. g3 g6 4. Bg2 Bg7 5. 0-0 0-0 6. c4 c6 7. Nc3 a6 8. a3 b5 9. cxb5 axb5 10. b4 Nfd7 11. Ne1 Nb6 12. Nc2 Be6 13. Ne3 Ra7 14. Bb2 Nc4 15. Nxc4 Bxc4 16. Re1 Qb6 17. e3 d5 18. a4 e6 19. Bf1 Nd7 20. axb5 Rxa1 21. Qxa1 cxb5 22. Bxc4 bxc4 23. Qa4 Qb7 24. Ra1 Rb8 25. b5 e5 26. Qd1 exd4 27. exd4 Qb6 28. Qf3 Qxd4 29. Rd1 Ne5 30. Qxd5 Nd3 31. Qf3 Qf6 32. Rxd3 cxd3 33. Qxd3 Qd8 34. Qe2 Qd7 35. Qe3 Qd4 36. Qe2 Qb4 0-1

[Event "Bucharest"]
[Site "Bucharest"]
[Date "1995.??.??"]
[Round "8"]
[White "Dumitran, Octavian"]
[Black "Manolache, Marius"]
[Result "1-0"]
[WhiteElo "2380"]
[BlackElo "2375"]
[PlyCount "103"]
[EventDate "1995.??.??"]
[EventType "tourn"]
[EventRounds "13"]
[EventCountry "ROU"]
[EventCategory "6"]
[SourceTitle "EXT 1998"]
[Source "ChessBase"]
[SourceDate "1997.11.17"]
[SourceVersion "1"]
[SourceVersionDate "1997.11.17"]
[SourceQuality "1"]

1. e4 c5 2. Nc3 Nc6 3. g3 g6 4. Bg2 Bg7 5. d3 e6 6. Nge2 d6 7. 0-0 Nge7 8. Be3 0-0 9. d4 cxd4 10. Nxd4 a6 11. Qd2 Ne5 12. Qe2 Qc7 13. Rad1 Nc4 14. Bc1 Bd7 15. b3 Na5 16. Qd2 Rac8 17. Nce2 b5 18. Ba3 Nb7 19. Rc1 a5 20. Rfd1 b4 21. Bb2 e5 22. Nf3 Bc6 23. c3 Nc5 24. cxb4 Nxe4 25. Qe1 Qa7 26. bxa5 Bh6 27. Rxc6 Nxc6 28. Nxe5 dxe5 29. Bxe4 Bg7 30. b4 Nd4 31. Nxd4 exd4 32. Qe2 Rfe8 33. Qf3 h5 34. Bd3 Qe7 35. a3 h4 36. Qg4 hxg3 37. hxg3 Qa7 38. a6 Rc7 39. Qg5 Qa8 40. Qd2 Re5 41. Be2 Bf6 42. Qd3 Rce7 43. Bf3 Qc8 44. Kg2 R5e6 45. b5 Qb8 46. a4 Rxa6 47. bxa6 Qxb2 48. Qb5 Qc3 49. a7 Rxa7 50. Qb8+ Kg7 51. Qxa7 d3 52. Qe3 1-0

[Event "Bucharest1"]
[Site "Bucharest"]
[Date "1995.??.??"]
[Round "?"]
[White "Dumitran, Octavian"]
[Black "Podgursky, Sten"]
[Result "1/2-1/2"]
[WhiteElo "2380"]
[BlackElo "2220"]
[PlyCount "53"]
[EventDate "1995.??.??"]
[EventType "tourn"]
[EventRounds "13"]
[EventCountry "ROU"]
[EventCategory "4"]
[SourceTitle "EXT 2006"]
[Source "ChessBase"]
[SourceDate "2005.11.24"]
[SourceVersion "1"]
[SourceVersionDate "2005.11.24"]
[SourceQuality "1"]

1. Nf3 Nf6 2. d4 e6 3. g3 c5 4. Bg2 Nc6 5. 0-0 b6 6. c4 cxd4 7. Nxd4 Bb7 8. Bf4 a6 9. Nxc6 Bxc6 10. Bxc6 dxc6 11. Qb3 Bc5 12. Rd1 Qe7 13. Qf3 Rc8 14. a3 e5 15. Bg5 Qe6 16. Nc3 Nd7 17. Ne4 0-0 18. Qd3 Bd4 19. e3 f5 20. exd4 fxe4 21. Qxe4 Qxc4 22. Be3 b5 23. Rac1 Qe6 24. Rd3 Nf6 25. Qxe5 Qh3 26. Rc5 Rfe8 27. Qf4 1/2-1/2